Statistics for Formula 1 A-Z #1

Click here to take the quiz!

General Stats

  • This quiz has been taken 235 times
  • The average score is 16 of 26

Answer Stats

HintAnswer% Correct
HStatistically the most successful F1 driverLewis Hamilton
91%
VControversially won the 2021 Drivers' Championship before dominating in 2022Max Verstappen
87%
UCountry that hosted three races in 2023United States
87%
SThe better of the two Brazilian three-time Drivers' ChampionsAyrton Senna
86%
JCar brand that used to compete in F1 and was named after a large cat.Jaguar
86%
OTook his maiden Grand Prix victory at the Hungaroring in 2021Esteban Ocon
82%
AStreet circuit used for the Australian Grand PrixAlbert Park Circuit
81%
FWon five Drivers' Championships in the first decade of F1Juan Manuel Fangio
80%
ZThe first Chinese driver to compete in F1Zhou Guanyu
78%
QUsually sets the grid for the raceQualifying
77%
GRepeated Sebastian Vettel's feat to win the 2020 Italian Grand Prix with the junior team to Red Bull RacingPierre Gasly
76%
KReturned to F1 in 2019 despite a rally crash in 2011, which partially severed one of his forearmsRobert Kubica
75%
YWaved when there is a hazard around the trackYellow flag
72%
NThe most successful F1 car designerAdrian Newey
64%
CWon two Drivers' Championships, in 1963 and 1965Jim Clark
61%
BOne of only two Grands Prix held in every F1 seasonBritish Grand Prix
58%
RWas posthumously awarded the 1970 Drivers' ChampionshipJochen Rindt
56%
TTeam with which Jody Scheckter won a race in a six-wheeled carTyrrell
55%
ICircuit where H won his 7th Drivers' ChampionshipIstanbul Park
53%
LFrench team with nine Grand Prix wins between 1976 and 1996Ligier
44%
EWhere the Alpine F1 Team is basedEnstone
41%
DFormer F1 constructor, now the sole manufacturer of F2 race carsDallara
40%
MCurrent safety car driverBernd Mayländer
37%
XWeird-looking innovation by T in 1997, which was then banned for the 1998 seasonX-Wing
30%
PThe first driver to achieve 200 and 250 Grand Prix startsRiccardo Patrese
29%
WNeurosurgeon who was instrumental in improving safety standards in F1Sid Watkins
14%

Score Distribution

Percentile by Number Answered

Percent of People with Each Score

Your Score History

You have not taken this quiz